00777nam a2200193 a 450000100100000000500170001000800410002702000150006804000250008310000400010824500970014826000370024530000200028250000700030250000420037270000470041495201050046199900170056600003949120201002031657.0130703s2005 gt 000 0 spa d a9992242310 aDO-SdBNPbspacBNPHU1 aRivera Echeverría, Ricardo96567410aRelatos en exhibición /cRicardo Rivera Echeverría ; prólogo Ernesto Chete Rustrián. aGuatemala :bLetra Negra,c2005. a67 p. ;c22 cm. aIncluye datos biográficos del autor en la solapa de la cubierta aIncluye notas al pie de las páginas1 aChete Rustrián, Ernesto,epról.965675 001050718MOaPDbPDcCTd2013-07-03iLF1l0o p39491-10r2020-06-25w2020-06-25y1ZNo se presta c38981d38981